Řízení cen a kontrola nákupu maloobchodní informační systém pod drobnohledem

Dva typy obchodných podmienok. Aby mohol informačný systém kontrolovať dodržiavanie obchodných podmienok, musí ich vedieť popísať. Riadenie nákupných a nominálnych cien. Samostatným problémom je riadenie predajných akcií.

Na minha lista:
Detalhes bibliográficos
Autor principal: Frouz, Jan
Formato: Capítulo de Livro
Idioma:tcheco
Assuntos:
Tags: Adicionar Tag
Sem tags, seja o primeiro a adicionar uma tag!

MARC

LEADER 00000naa a2200000 4500
001 r043131
005 20230522105744.0
041 0 |a cze 
044 |a CZ 
245 1 0 |a Řízení cen a kontrola nákupu  |b maloobchodní informační systém pod drobnohledem  |c Jan Frouz 
520 |a Dva typy obchodných podmienok. Aby mohol informačný systém kontrolovať dodržiavanie obchodných podmienok, musí ich vedieť popísať. Riadenie nákupných a nominálnych cien. Samostatným problémom je riadenie predajných akcií. 
610 2 0 |a maloobchod 
610 2 0 |a systémy informačné 
610 2 0 |a podmienky obchodné 
610 2 0 |a ceny nákupné 
610 2 0 |a ceny obchodné 
610 2 0 |a ceny predajné 
100 1 |a Frouz, Jan